000 00666nam a2200241Ia 4500
003 OSt
005 20220918222946.0
006 a|||||r|||| 00| 0
007 ta
008 220917b |||||||| |||| 00| 0 eng d
024 _a219,604
037 _cTextual
040 _aARTS
_cARTS
_beng
041 _2eng
_aeng
082 _aY:1, P1
100 _aBarbalet J. M.
_926612
245 0 _aEmotion, social theory, and social structure
_b A macrosociological approach
260 _aU
_bK Cambridge university press
_c2001
300 _aix, 210p
_ccm.
650 _aSOCIOLOGY
942 _hY:1, P1
_cTEXL
_2CC
999 _c276922
_d276922